Central Library and Information Centre
Sibsagar Girls' College, Sivasagar : Assam

MODERN APPROACH TO CHEMISTRY (PART II) (Record no. 5646)

MARC details
000 -LEADER
fixed length control field 00531cam a2200205ua 4500
008 - FIXED-LENGTH DATA ELEMENTS--GENERAL INFORMATION
fixed length control field 160624n1990 II |||gr||||Z||||||eng
040 ## - CATALOGING SOURCE
Original cataloging agency MAIN
041 ## - LANGUAGE CODE
-- English
100 ## - MAIN ENTRY--PERSONAL NAME
Personal name BHUYAN, BAIDYANATH.
245 ## - TITLE STATEMENT
Title MODERN APPROACH TO CHEMISTRY (PART II)
250 ## - EDITION STATEMENT
Edition statement 3RD.
260 ## - PUBLICATION, DISTRIBUTION, ETC.
Place of publication, distribution, etc. NEW DELHI
Name of publisher, distributor, etc. KALYANI PUBLISHERS
Date of publication, distribution, etc. 1990
300 ## - PHYSICAL DESCRIPTION
Extent 790:
Dimensions 24CM.
700 ## - ADDED ENTRY--PERSONAL NAME
Personal name BHUYAN, BAIDYANATH.,
Relator term Author.,
700 ## - ADDED ENTRY--PERSONAL NAME
Personal name BARUA, SUDARSAN.
700 ## - ADDED ENTRY--PERSONAL NAME
Personal name SHARMA, Y. R.
942 ## - ADDED ENTRY ELEMENTS (KOHA)
Koha item type Books
653 ## - INDEX TERM--UNCONTROLLED
Uncontrolled term Chemistry & allied sciences

No items available.



Sibsagar Girl's College © 2020. All rights reserved.
Powered by Koha.
Maintained by Abhijit Borpuzari.